[Event "FRA-chT2 0910"]
[Site "France"]
[Date "2009.10.04"]
[Round "1.2"]
[White "Van Elst, Andreas"]
[Black "Iwanesko, Alexandre"]
[Result "1/2-1/2"]
[WhiteElo "2279"]
[BlackElo "2191"]
[PlyCount "82"]
[EventDate "2009.09.27"]
[EventType "team"]
[EventRounds "11"]
[EventCountry "FRA"]
[Source "ChessBase"]
[SourceDate "2010.03.11"]

1. d4 Nf6 2. c4 c5 3. d5 b5 4. Nf3 g6 5. cxb5 Bg7 6. Nc3 a6 7. e4 O-O 8. e5 Ng4
9. Bf4 d6 10. exd6 exd6 11. h3 Nf6 12. bxa6 Re8+ 13. Be2 Ne4 14. Nxe4 Rxe4 15.
Be3 Bxb2 16. Rb1 Bc3+ 17. Nd2 Bxa6 18. Bxa6 Nxa6 19. O-O Bxd2 20. Qxd2 Nb4 21.
Ra1 Re5 22. a3 Nxd5 23. Bh6 Qa5 24. Qa2 Nc3 25. Qc4 d5 26. Qd3 c4 27. Qf3 Rf5
28. Qg4 Qc5 29. Be3 d4 30. Bd2 h5 31. Qh4 Ne2+ 32. Kh1 c3 33. Qe4 Rxa3 34. Rxa3
Qxa3 35. Qxe2 cxd2 36. Qxd2 Qc3 37. Rd1 Qxd2 38. Rxd2 Rd5 39. Kg1 Kg7 40. Kf1
Kf6 41. Ke2 Ke5 1/2-1/2

[Event "FRA-chT2 0910"]
[Site "France"]
[Date "2009.10.04"]
[Round "1.3"]
[White "Abello, Sebastien"]
[Black "Anic, Darko"]
[Result "1/2-1/2"]
[WhiteElo "2284"]
[BlackElo "2445"]
[PlyCount "63"]
[EventDate "2009.09.27"]
[EventType "team"]
[EventRounds "11"]
[EventCountry "FRA"]
[Source "ChessBase"]
[SourceDate "2010.03.11"]
[BlackTeam "Lodève"]

1. d4 c6 2. c4 Nf6 3. Nc3 d6 4. e4 Nbd7 5. Nf3 e5 6. Be2 Be7 7. O-O O-O 8. Qc2
Re8 9. Rd1 Qc7 10. Rb1 a6 11. d5 cxd5 12. cxd5 b5 13. a3 Nb6 14. Bd3 Bd7 15.
Qe2 Rec8 16. h3 Qd8 17. Na2 Qe8 18. b3 Bd8 19. Bg5 Nh5 20. Be3 g6 21. Rbc1 Nxd5
22. exd5 e4 23. Bb1 exf3 24. Qxf3 Qe5 25. Nb4 Rxc1 26. Bxc1 Bb6 27. Nc6 Qf6 28.
Qxf6 Nxf6 29. Bb2 Nxd5 30. Rxd5 Bxc6 31. Rxd6 Rc8 32. Rd2 1/2-1/2

[Event "FRA-chT2 0910"]
[Site "France"]
[Date "2009.10.04"]
[Round "1.3"]
[White "Bernard, Vincent"]
[Black "Jellouli, Moez"]
[Result "1-0"]
[WhiteElo "2185"]
[BlackElo "2082"]
[PlyCount "193"]
[EventDate "2009.09.27"]
[EventType "team"]
[EventRounds "11"]
[EventCountry "FRA"]
[Source "ChessBase"]
[SourceDate "2010.03.11"]

1. Nf3 Nf6 2. c4 c6 3. d4 d5 4. e3 e6 5. Bd3 Nbd7 6. O-O Ne4 7. Qc2 f5 8. b3
Be7 9. Ba3 Bxa3 10. Nxa3 O-O 11. Rac1 Qe7 12. Nb1 g5 13. Nc3 g4 14. Nd2 Ndf6
15. Ne2 Nh5 16. f4 gxf3 17. Nxf3 Kh8 18. Nf4 Nxf4 19. exf4 b6 20. cxd5 cxd5 21.
Qc7 Rf7 22. Qe5+ Qf6 23. Rc2 Bb7 24. Rfc1 Rg8 25. Rc7 Qxe5 26. Nxe5 Rxc7 27.
Rxc7 Rg7 28. Rc2 Re7 29. g3 Kg7 30. Kf1 Kf6 31. Ke1 Rg7 32. Be2 Re7 33. Bb5 Nd6
34. a4 Kg7 35. Ke2 Kf6 36. Ke3 Kg7 37. Be2 Kf6 38. Bd3 Kg7 39. h3 Ne4 40. g4 h6
41. b4 a6 42. a5 b5 43. gxf5 exf5 44. Rg2+ Kh7 45. Kf3 Rg7 46. Rxg7+ Kxg7 47.
Be2 Kf6 48. Ke3 Bc8 49. Nd3 Nc3 50. Bf3 Ke6 51. Bh5 Kf6 52. Be8 Ke7 53. Bg6 Kf6
54. Bh5 Ne4 55. Nc5 Nc3 56. Kd2 Ne4+ 57. Ke3 Nc3 58. Bf3 Ne4 59. Bd1 Ke7 60.
Bb3 Kd6 61. Bc2 Ke7 62. Bd3 Kd6 63. Be2 Ke7 64. h4 Kf6 65. Bf3 Ke7 66. Bxe4
fxe4 67. f5 Kf6 68. Kf4 e3 69. Kxe3 Kxf5 70. Kf3 Kg6 71. Kf4 Kh5 72. Kg3 Kg6
73. Nd3 Kf5 74. Kf3 Bb7 75. Nf2 Bc8 76. Nh1 Kg6 77. Ng3 Kf6 78. Kf4 Bd7 79. Nf1
Kg6 80. Ne3 Bc6 81. Ke5 Kh5 82. Nxd5 Kxh4 83. Nf6 Kg5 84. d5 Bxd5 85. Nxd5 h5
86. Nf4 h4 87. Ke4 Kg4 88. Ke3 Kg3 89. Ne2+ Kg2 90. Ke4 Kf2 91. Nf4 Kg3 92. Ke3
Kg4 93. Nd3 Kg3 94. Nf2 Kg2 95. Ke2 Kg3 96. Kf1 Kf3 97. Nd3 1-0

[Event "FRA-chT2 0910"]
[Site "France"]
[Date "2009.10.04"]
[Round "1.3"]
[White "Bouget, Alexandre"]
[Black "Bollore, Jacques"]
[Result "1-0"]
[WhiteElo "2138"]
[BlackElo "2124"]
[PlyCount "65"]
[EventDate "2009.09.27"]
[EventType "team"]
[EventRounds "11"]
[EventCountry "FRA"]
[Source "ChessBase"]
[SourceDate "2010.03.11"]

1. d4 Nf6 2. c4 e6 3. Nc3 Bb4 4. a3 Bxc3+ 5. bxc3 c5 6. f3 Qc7 7. Bg5 d6 8. e4
Nc6 9. d5 Na5 10. Bxf6 gxf6 11. Bd3 Rg8 12. Ra2 b6 13. f4 Ba6 14. Nf3 O-O-O 15.
Re2 Rg4 16. Nd2 Rdg8 17. O-O Qd7 18. Rff2 Kb8 19. Re3 f5 20. exf5 exd5 21. f6
Nxc4 22. Re7 Qc6 23. Bxh7 d4 24. Bxg8 Rxg8 25. Nxc4 Bxc4 26. cxd4 Bd5 27. g3 c4
28. Qe1 Qc8 29. Rfe2 Bc6 30. Qb4 Bf3 31. Qxd6+ Ka8 32. R2e3 c3 33. Qc7 1-0

[Event "FRA-chT2 0910"]
[Site "France"]
[Date "2009.10.04"]
[Round "1.3"]
[White "Briet, Antoine"]
[Black "Velasco, Santiago"]
[Result "1-0"]
[WhiteElo "2200"]
[BlackElo "2279"]
[PlyCount "50"]
[EventDate "2009.09.27"]
[EventType "team"]
[EventRounds "11"]
[EventCountry "FRA"]
[Source "ChessBase"]
[SourceDate "2010.03.11"]

1. e4 c5 2. Nf3 e6 3. d4 cxd4 4. Nxd4 Nc6 5. Nc3 Qc7 6. Be3 Nf6 7. f4 d6 8. Qf3
Be7 9. O-O-O a6 10. g4 Nxd4 11. Rxd4 b5 12. g5 Nd7 13. h4 Bb7 14. h5 Nc5 15. f5
exf5 16. Qxf5 Ne6 17. Rd2 b4 18. Nd5 Bxd5 19. Qxd5 Rb8 20. Bc4 Bxg5 21. Bxg5
Nxg5 22. Qxg5 Qxc4 23. Qxg7 Qxa2 24. b3 Rc8 25. Qxh8+ Kd7 1-0

[Event "FRA-chT2 0910"]
[Site "France"]
[Date "2009.10.04"]
[Round "1.3"]
[White "Cappon, John"]
[Black "Laurent, Bruno"]
[Result "0-1"]
[WhiteElo "2224"]
[BlackElo "2334"]
[PlyCount "78"]
[EventDate "2009.09.27"]
[EventType "team"]
[EventRounds "11"]
[EventCountry "FRA"]
[Source "ChessBase"]
[SourceDate "2010.03.11"]

1. e4 e5 2. Nf3 Nc6 3. Bc4 Bc5 4. c3 Nf6 5. d3 d6 6. h3 Bb6 7. Nbd2 Ne7 8. Bb3
Ng6 9. Nc4 O-O 10. Qe2 c6 11. Bg5 h6 12. Bd2 Bc7 13. Ne3 Nf4 14. Qf1 d5 15. Bc2
b6 16. g3 Ne6 17. O-O-O Ba6 18. Qg2 Nc5 19. d4 Nd3+ 20. Kb1 Nxe4 21. Be1 Nf6
22. Bxd3 Bxd3+ 23. Rxd3 e4 24. Rd1 exf3 25. Qxf3 b5 26. Bd2 Ne4 27. Bc1 Re8 28.
Nf5 Qf6 29. g4 Kh7 30. Qe3 Re6 31. f3 Ng3 32. Qd3 Nxh1 33. Rxh1 g6 34. h4 gxf5
35. Bg5 Qg7 36. gxf5 Ree8 37. Rg1 Rg8 38. h5 Qf8 39. f6+ Kh8 0-1

[Event "FRA-chT2 0910"]
[Site "France"]
[Date "2009.10.04"]
[Round "1.3"]
[White "Cau, Benjamin"]
[Black "Deschler, Fabrice"]
[Result "1-0"]
[WhiteElo "2132"]
[BlackElo "2135"]
[PlyCount "139"]
[EventDate "2009.09.27"]
[EventType "team"]
[EventRounds "11"]
[EventCountry "FRA"]
[Source "ChessBase"]
[SourceDate "2010.03.11"]

1. e4 c5 2. Nf3 Nc6 3. d4 cxd4 4. Nxd4 g6 5. c4 Bg7 6. Be3 Nf6 7. Nc3 d6 8. Be2
O-O 9. O-O Bd7 10. f4 Qb6 11. Nc2 Qc7 12. Rc1 a5 13. Nd4 Rfc8 14. Ndb5 Qd8 15.
Bf3 Be6 16. Nd5 Nd7 17. Qe2 Nb4 18. a3 Na6 19. Bf2 Bxd5 20. cxd5 Rxc1 21. Rxc1
Rc8 22. Rd1 h5 23. Na7 Ra8 24. Qb5 a4 25. Qe2 Nac5 26. Nb5 Bf6 27. e5 Bg7 28.
exd6 exd6 29. Nxd6 Qf6 30. Ne8 Qxb2 31. Nxg7 Qxe2 32. Bxe2 Kxg7 33. d6 b6 34.
Bb5 Rd8 35. Bh4 Re8 36. Be7 Rb8 37. Rd4 Ra8 38. Rc4 Ra7 39. Bd8 Ra5 40. Bxd7
Nxd7 41. Rc7 Nf6 42. Rb7 Rd5 43. Bxf6+ Kxf6 44. Rxb6 Rd4 45. g3 Kf5 46. Ra6 Kg4
47. Kf2 Kh3 48. Ke3 Rd1 49. Rxa4 Rxd6 50. Rd4 Ra6 51. a4 Kxh2 52. Kf3 Rb6 53.
Rd2+ Kh3 54. Rd3 Rb1 55. Ra3 f5 56. a5 Rg1 57. Kf2 Rg2+ 58. Kf1 Kh2 59. a6 Rg1+
60. Ke2 Rg2+ 61. Kd1 Rg1+ 62. Kc2 Rg2+ 63. Kc3 Rxg3+ 64. Kb4 Rxa3 65. Kxa3 h4
66. a7 h3 67. a8=Q Kg1 68. Qf3 h2 69. Qg3+ Kh1 70. Qf2 1-0

[Event "FRA-chT2 0910"]
[Site "France"]
[Date "2009.10.04"]
[Round "1.3"]
[White "Croutte, Stephane"]
[Black "Amoyal, Pierre"]
[Result "1/2-1/2"]
[WhiteElo "2193"]
[BlackElo "2202"]
[PlyCount "55"]
[EventDate "2009.09.27"]
[EventType "team"]
[EventRounds "11"]
[EventCountry "FRA"]
[Source "ChessBase"]
[SourceDate "2010.03.11"]

1. d4 Nf6 2. c4 g6 3. Nc3 d5 4. Bf4 Bg7 5. e3 O-O 6. Nf3 c6 7. Qb3 Qa5 8. Be2
dxc4 9. Bxc4 b5 10. Bxf7+ Rxf7 11. Bxb8 Rxb8 12. Ne5 e6 13. Nxc6 Qb6 14. Nxb8
Qxb8 15. O-O b4 16. f3 Qb6 17. Na4 Qd6 18. Nc5 Nd5 19. Ne4 Qb6 20. Rac1 Bd7 21.
Rfd1 Bh6 22. f4 a5 23. Rc5 a4 24. Qd3 Bf8 25. Rcc1 Bh6 26. Rc5 Bf8 27. Rcc1 Bh6
28. Rc5 1/2-1/2

[Event "FRA-chT2 0910"]
[Site "France"]
[Date "2009.10.04"]
[Round "1.3"]
[White "Delpech, Frederic"]
[Black "Prevot, Jean Luc"]
[Result "0-1"]
[WhiteElo "2158"]
[BlackElo "2087"]
[PlyCount "50"]
[EventDate "2009.09.27"]
[EventType "team"]
[EventRounds "11"]
[EventCountry "FRA"]
[Source "ChessBase"]
[SourceDate "2010.03.11"]

1. e4 c6 2. c4 d5 3. cxd5 cxd5 4. exd5 Nf6 5. Qa4+ Nbd7 6. Nc3 g6 7. Nf3 Bg7 8.
Qb3 O-O 9. Bc4 Nc5 10. Qa3 Na6 11. O-O Nc7 12. Qb3 b5 13. Bxb5 Rb8 14. Ne5 Bb7
15. Qc4 Nxb5 16. Qxb5 Bxd5 17. Nc6 Rxb5 18. Nxd8 Rb6 19. Re1 Rxd8 20. Rxe7 Re6
21. Rxe6 Bxe6 22. f3 Nd5 23. Kf2 Nb4 24. b3 Bf5 25. g4 Bc2 0-1

[Event "FRA-chT2 0910"]
[Site "France"]
[Date "2009.10.04"]
[Round "1.3"]
[White "Friess, Nicolas"]
[Black "Maitesian, Sergei"]
[Result "1/2-1/2"]
[WhiteElo "2203"]
[BlackElo "2278"]
[PlyCount "86"]
[EventDate "2009.09.27"]
[EventType "team"]
[EventRounds "11"]
[EventCountry "FRA"]
[Source "ChessBase"]
[SourceDate "2010.03.11"]

1. d4 Nf6 2. c4 g6 3. Nc3 d5 4. Bf4 Bg7 5. e3 O-O 6. cxd5 Nxd5 7. Nxd5 Qxd5 8.
Bxc7 Na6 9. Bxa6 Qxg2 10. Qf3 Qxf3 11. Nxf3 bxa6 12. Rc1 Bb7 13. Ke2 Rac8 14.
Rc3 f5 15. Rg1 Bd5 16. a3 f4 17. Bxf4 Rb8 18. b4 a5 19. Rc5 Bxf3+ 20. Kxf3 axb4
21. axb4 Rxb4 22. Kg3 Rb3 23. f3 Ra3 24. Rb1 a5 25. Rb7 Ra8 26. Rcc7 Bf6 27.
Be5 Bxe5+ 28. dxe5 Re8 29. Rxe7 Rxe7 30. Rxe7 Rxe3 31. Kf4 Rc3 32. Ra7 Rc5 33.
h4 h6 34. Ke4 Rb5 35. h5 gxh5 36. f4 h4 37. Kf3 h3 38. e6 Rb3+ 39. Kf2 Rb2+ 40.
Kg1 Re2 41. f5 Re5 42. Ra8+ Kg7 43. Kh2 Kf6 1/2-1/2

[Event "FRA-chT2 0910"]
[Site "France"]
[Date "2009.10.04"]
[Round "1.3"]
[White "Gachon, Lionel"]
[Black "Planell, Eric"]
[Result "1/2-1/2"]
[WhiteElo "2291"]
[BlackElo "2174"]
[PlyCount "88"]
[EventDate "2009.09.27"]
[EventType "team"]
[EventRounds "11"]
[EventCountry "FRA"]
[Source "ChessBase"]
[SourceDate "2010.03.11"]

1. Nf3 d5 2. g3 Nf6 3. Bg2 Bf5 4. O-O Nbd7 5. d3 e6 6. Nbd2 Bc5 7. Nh4 Bg4 8.
h3 Bh5 9. g4 Bg6 10. Nxg6 hxg6 11. e3 Qe7 12. Qe2 Bb6 13. a4 c6 14. a5 Bc7 15.
c4 Qd6 16. Nf3 O-O-O 17. a6 b6 18. d4 Nxg4 19. hxg4 Qh2+ 20. Nxh2 Bxh2+ 21. Kh1
Bc7+ 22. Bh3 Rxh3+ 23. Kg1 Rdh8 24. f3 Bh2+ 25. Kg2 Bd6 26. Rg1 Rh2+ 27. Kf1
Rxe2 28. Kxe2 Rh2+ 29. Kd3 e5 30. cxd5 cxd5 31. Bd2 exd4 32. exd4 Nb8 33. Rh1
Rxh1 34. Rxh1 Nxa6 35. Rh8+ Kd7 36. Rg8 Ke6 37. Rxg7 Nc7 38. Rg8 Na6 39. Re8+
Kd7 40. Rh8 Ke6 41. Bg5 Nb4+ 42. Kc3 Nc6 43. Re8+ Kd7 44. Re2 a5 1/2-1/2

[Event "FRA-chT2 0910"]
[Site "France"]
[Date "2009.10.04"]
[Round "1.3"]
[White "Giacomini, Hector"]
[Black "Krauss, Michel"]
[Result "1-0"]
[WhiteElo "2257"]
[BlackElo "2141"]
[PlyCount "63"]
[EventDate "2009.09.27"]
[EventType "team"]
[EventRounds "11"]
[EventCountry "FRA"]
[Source "ChessBase"]
[SourceDate "2010.03.11"]

1. d4 Nf6 2. Nf3 e6 3. e3 b6 4. Bd3 Bb7 5. O-O d5 6. c4 Nbd7 7. Nc3 Be7 8. b3
O-O 9. Bb2 Ne4 10. Rc1 a6 11. Qe2 Bb4 12. Rfd1 f5 13. Ne5 f4 14. Qg4 Nxe5 15.
dxe5 Qg5 16. Qxg5 Nxg5 17. exf4 Rxf4 18. Ne2 Rf7 19. Bd4 Ne4 20. Be3 Bc5 21.
Bxe4 dxe4 22. Nf4 Bxe3 23. fxe3 Re8 24. c5 Rf5 25. Rd7 Bd5 26. cxb6 cxb6 27.
Rcc7 Rg5 28. h4 Rg4 29. Nh5 Rf8 30. Rxg7+ Rxg7 31. Rxg7+ Kh8 32. Rc7 1-0

[Event "FRA-chT2 0910"]
[Site "France"]
[Date "2009.10.04"]
[Round "1.3"]
[White "Graca, Robert"]
[Black "Krivokapic, Ratko"]
[Result "1-0"]
[WhiteElo "2205"]
[BlackElo "2200"]
[PlyCount "48"]
[EventDate "2009.09.27"]
[EventType "team"]
[EventRounds "11"]
[EventCountry "FRA"]
[Source "ChessBase"]
[SourceDate "2010.03.11"]

1. Nf3 d5 2. d4 Nf6 3. c4 e6 4. Bg5 h6 5. Bh4 Bb4+ 6. Nc3 Nbd7 7. e3 c5 8. cxd5
exd5 9. Bd3 Qa5 10. Qc2 c4 11. Bf5 O-O 12. O-O Re8 13. Nd2 g5 14. Bg3 Nh5 15.
e4 dxe4 16. Bxe4 Nb6 17. Bc7 Bxc3 18. bxc3 Be6 19. Bxb7 Bf5 20. Qd1 Qxc3 21.
Qxh5 Qxd2 22. Bxa8 Nxa8 23. Be5 Bg6 24. Qf3 Nb6 1-0

[Event "FRA-chT2 0910"]
[Site "France"]
[Date "2009.10.04"]
[Round "1.3"]
[White "Grill, Marc"]
[Black "Demanghon, Jonathan"]
[Result "0-1"]
[WhiteElo "2199"]
[BlackElo "2203"]
[PlyCount "58"]
[EventDate "2009.09.27"]
[EventType "team"]
[EventRounds "11"]
[EventCountry "FRA"]
[Source "ChessBase"]
[SourceDate "2010.03.11"]

1. e4 e6 2. d4 d5 3. Nc3 Nf6 4. Bg5 Bb4 5. exd5 Qxd5 6. Bxf6 Bxc3+ 7. bxc3 gxf6
8. Qd2 Qa5 9. Bd3 Bd7 10. Ne2 Bc6 11. Nf4 Nd7 12. c4 Qxd2+ 13. Kxd2 Nb6 14. c3
O-O-O 15. Nh5 f5 16. f3 Rhg8 17. Rhg1 Rg5 18. Nf4 e5 19. h4 Rgg8 20. Bxf5+ Kb8
21. Ne2 Nxc4+ 22. Ke1 Ne3 23. Bxh7 Rxg2 24. Rxg2 Nxg2+ 25. Kf2 Nxh4 26. d5 Bxd5
27. Rh1 Nxf3 28. Rd1 Ng5 29. Bf5 Rd6 0-1

[Event "FRA-chT2 0910"]
[Site "France"]
[Date "2009.10.04"]
[Round "1.3"]
[White "Heran, Raphael"]
[Black "Duquesnoy, Jean Philip"]
[Result "1-0"]
[WhiteElo "2227"]
[BlackElo "2212"]
[PlyCount "93"]
[EventDate "2009.09.27"]
[EventType "team"]
[EventRounds "11"]
[EventCountry "FRA"]
[Source "ChessBase"]
[SourceDate "2010.03.11"]

1. e4 c5 2. Nf3 e6 3. d4 cxd4 4. Nxd4 Nf6 5. Nc3 d6 6. Bc4 a6 7. Bb3 b5 8. Qe2
Be7 9. f3 O-O 10. Be3 Bd7 11. a4 b4 12. Na2 Qc7 13. Bd2 Qb6 14. Qf2 a5 15. Nc1
Na6 16. Nd3 Rfc8 17. Be3 Qb8 18. O-O Nc5 19. Rfd1 Rc7 20. Kh1 Qe8 21. Nxc5 dxc5
22. e5 cxd4 23. exf6 dxe3 24. Qg3 Bxf6 25. Qxc7 Bxb2 26. Rab1 Bc3 27. Rxd7 e2
28. f4 e1=R+ 29. Rxe1 Bxe1 30. f5 Bc3 31. Rxf7 Qd8 32. Rd7 Qg5 33. Rd1 Bf6 34.
Qc6 Rf8 35. g3 h5 36. fxe6 Kh8 37. Qe4 g6 38. Kg2 Be7 39. h4 Qf6 40. Qe2 Qc3
41. Rd7 Qf6 42. Rd5 Rd8 43. Rxa5 Bd6 44. Rd5 Be7 45. a5 Rxd5 46. Bxd5 Qa1 47.
Qb5 1-0

[Event "FRA-chT2 0910"]
[Site "France"]
[Date "2009.10.04"]
[Round "1.3"]
[White "Houriez, Clement"]
[Black "Mandon, Fabrice"]
[Result "1/2-1/2"]
[WhiteElo "2304"]
[BlackElo "2239"]
[PlyCount "90"]
[EventDate "2009.09.27"]
[EventType "team"]
[EventRounds "11"]
[EventCountry "FRA"]
[Source "ChessBase"]
[SourceDate "2010.03.11"]

1. d4 Nf6 2. c4 c5 3. d5 e6 4. Nc3 exd5 5. cxd5 d6 6. Nf3 g6 7. Bf4 Bg7 8. Qa4+
Bd7 9. Qb3 Qc7 10. e4 O-O 11. Be2 Nh5 12. Be3 Bg4 13. h3 Bxf3 14. Bxf3 Nd7 15.
O-O a6 16. a4 Nhf6 17. Rfe1 Rfe8 18. Qc2 Rac8 19. a5 c4 20. Ra4 Ne5 21. Be2
Nfd7 22. f4 Nd3 23. Bxd3 cxd3 24. Qxd3 Nc5 25. Bxc5 Qxc5+ 26. Re3 f5 27. Kh1
fxe4 28. Raxe4 Rxe4 29. Qxe4 Kh8 30. b4 Qc7 31. Ne2 Rf8 32. Nd4 Qc1+ 33. Re1
Qxf4 34. Qxf4 Rxf4 35. Re8+ Rf8 36. Rxf8+ Bxf8 37. g3 Bg7 38. Nc2 Bc3 39. Kg2
Kg7 40. Kf3 Kf6 41. Ke4 h5 42. Kf4 Bd2+ 43. Ke4 Bc3 44. Kf4 Bd2+ 45. Ke4 Bc3
1/2-1/2

[Event "FRA-chT2 0910"]
[Site "France"]
[Date "2009.10.04"]
[Round "1.3"]
[White "Maleki, Nicolas"]
[Black "Jurasz, Antoni"]
[Result "1-0"]
[WhiteElo "2179"]
[BlackElo "2048"]
[PlyCount "45"]
[EventDate "2009.09.27"]
[EventType "team"]
[EventRounds "11"]
[EventCountry "FRA"]
[Source "ChessBase"]
[SourceDate "2010.03.11"]

1. d4 Nf6 2. c4 d6 3. Nc3 g6 4. e4 Bg7 5. Nf3 c5 6. Be2 cxd4 7. Nxd4 O-O 8. O-O
Qb6 9. Be3 Qxb2 10. Na4 Qa3 11. Nb5 Qb4 12. Bd2 Qxd2 13. Qxd2 Nc6 14. Nac3 a6
15. Nc7 Rb8 16. N7d5 b5 17. cxb5 axb5 18. Nxf6+ Bxf6 19. Bxb5 Bxc3 20. Qxc3
Rxb5 21. Qxc6 Rb2 22. Rfb1 Re2 23. Qc4 1-0

[Event "FRA-chT2 0910"]
[Site "France"]
[Date "2009.10.04"]
[Round "1.3"]
[White "Marciniak, Alexandre"]
[Black "Passager, Jean Pierre"]
[Result "1/2-1/2"]
[WhiteElo "2129"]
[BlackElo "2215"]
[PlyCount "58"]
[EventDate "2009.09.27"]
[EventType "team"]
[EventRounds "11"]
[EventCountry "FRA"]
[Source "ChessBase"]
[SourceDate "2010.03.11"]

1. e4 e6 2. d4 d5 3. Nd2 Nf6 4. e5 Nfd7 5. c3 c5 6. Bd3 b6 7. Nh3 cxd4 8. cxd4
Ba6 9. Bxa6 Nxa6 10. O-O Be7 11. Qg4 g6 12. Nf3 h5 13. Qg3 Nf8 14. Bg5 Nh7 15.
Rac1 Nxg5 16. Nfxg5 Qd7 17. Rc3 Rc8 18. Rf3 Bxg5 19. Nxg5 O-O 20. Rf6 Nc7 21.
f4 Ne8 22. Nxe6 fxe6 23. Qxg6+ Ng7 24. h4 Qa4 25. Rf3 Qxd4+ 26. Kh2 Rc1 27.
Rxe6 Qg1+ 28. Kg3 Qe1+ 29. Kh2 Qh1+ 1/2-1/2

[Event "FRA-chT2 0910"]
[Site "France"]
[Date "2009.10.04"]
[Round "1.3"]
[White "Marco, Clement"]
[Black "Blanc, Sebastien"]
[Result "0-1"]
[WhiteElo "2058"]
[BlackElo "2131"]
[PlyCount "50"]
[EventDate "2009.09.27"]
[EventType "team"]
[EventRounds "11"]
[EventCountry "FRA"]
[Source "ChessBase"]
[SourceDate "2010.03.11"]

1. e4 e6 2. d4 d5 3. e5 c5 4. c3 Nc6 5. Nf3 Qb6 6. a3 Bd7 7. b4 cxd4 8. cxd4
Rc8 9. Bb2 Na5 10. Nbd2 Nc4 11. Nxc4 dxc4 12. Rc1 a5 13. Bxc4 Bxb4+ 14. Nd2
Bxd2+ 15. Qxd2 Ne7 16. O-O Rxc4 17. Rxc4 Bb5 18. Rc5 Bxf1 19. Kxf1 Nc6 20. Qe2
O-O 21. Rb5 Qc7 22. d5 exd5 23. Rxd5 Re8 24. Qg4 Qb6 25. Qd7 Rd8 0-1

[Event "FRA-chT2 0910"]
[Site "France"]
[Date "2009.10.04"]
[Round "1.3"]
[White "Mueller, Reinhold"]
[Black "Schlawin, Marlon"]
[Result "1-0"]
[WhiteElo "2262"]
[BlackElo "2304"]
[PlyCount "61"]
[EventDate "2009.09.27"]
[EventType "team"]
[EventRounds "11"]
[EventCountry "FRA"]
[Source "ChessBase"]
[SourceDate "2010.03.11"]

1. d4 e6 2. c4 Bb4+ 3. Bd2 a5 4. Nf3 d6 5. g3 Nc6 6. Bg2 e5 7. Bxb4 axb4 8.
dxe5 dxe5 9. Qxd8+ Kxd8 10. Ng5 Nd4 11. O-O Nc2 12. Nxf7+ Ke7 13. Nxh8 Nxa1 14.
a3 bxa3 15. Nxa3 Nb3 16. f4 exf4 17. gxf4 Nh6 18. Rf3 Nd4 19. Re3+ Be6 20. Re4
Nhf5 21. e3 Nc6 22. Nb5 Rc8 23. Bh3 g6 24. Kf2 Kf6 25. Rxe6+ Kxe6 26. e4 Kf6
27. exf5 Rxh8 28. Nxc7 gxf5 29. Nd5+ Ke6 30. Ke3 Ra8 31. Nc7+ 1-0

[Event "FRA-chT2 0910"]
[Site "France"]
[Date "2009.10.04"]
[Round "1.3"]
[White "Okhotnik, Vladimir"]
[Black "Vatter, Hans Joachim"]
[Result "1-0"]
[WhiteElo "2447"]
[BlackElo "2321"]
[PlyCount "77"]
[EventDate "2009.09.27"]
[EventType "team"]
[EventRounds "11"]
[EventCountry "FRA"]
[Source "ChessBase"]
[SourceDate "2010.03.11"]
[WhiteTeam "Meaux"]

1. d4 Nf6 2. Nf3 e6 3. g3 c5 4. Bg2 cxd4 5. Nxd4 a6 6. e4 Qc7 7. O-O d6 8. b3
Be7 9. c4 Nc6 10. Bb2 O-O 11. Nc3 Bd7 12. Rc1 Nxd4 13. Qxd4 Rfd8 14. Rfd1 Rac8
15. h3 Ne8 16. a3 Qb8 17. Qd2 Nc7 18. Ne2 b5 19. cxb5 Bxb5 20. Nd4 Bd7 21. Nc6
Bxc6 22. Rxc6 Ne8 23. Rxc8 Rxc8 24. b4 Bd8 25. Bf1 Qb7 26. Bd3 Bf6 27. Qe2 Ra8
28. e5 Be7 29. exd6 Nxd6 30. Be5 Qb6 31. Bxd6 Bxd6 32. Qe4 Rd8 33. Qxh7+ Kf8
34. Qh8+ Ke7 35. Qxg7 Bb8 36. Qg5+ Ke8 37. Be2 Rc8 38. Bh5 Kf8 39. Rd7 1-0

[Event "FRA-chT2 0910"]
[Site "France"]
[Date "2009.10.04"]
[Round "1.3"]
[White "Reinhardt, Bernd"]
[Black "Vandevoort, Pascal"]
[Result "1-0"]
[WhiteElo "2369"]
[BlackElo "2357"]
[PlyCount "89"]
[EventDate "2009.09.27"]
[EventType "team"]
[EventRounds "11"]
[EventCountry "FRA"]
[Source "ChessBase"]
[SourceDate "2010.03.11"]

1. d4 d5 2. Nf3 Nf6 3. Bf4 c5 4. e3 Nc6 5. c3 Qb6 6. Qb3 c4 7. Qxb6 axb6 8. Na3
Ra5 9. Nd2 Bf5 10. f3 e6 11. Naxc4 dxc4 12. Nxc4 Ra6 13. e4 Bg6 14. b4 b5 15.
Ne5 Ra3 16. Bxb5 Rxc3 17. Bd2 Rc2 18. a3 Nd7 19. Kd1 Rxd2+ 20. Kxd2 Ndxe5 21.
dxe5 Be7 22. Ke3 Bd8 23. Rac1 Bb6+ 24. Ke2 Ke7 25. Bxc6 bxc6 26. Rxc6 Rb8 27.
Rd1 Rb7 28. Rcd6 f6 29. exf6+ gxf6 30. a4 Be8 31. b5 Bc5 32. Rd8 Ra7 33. Rc8
Bb6 34. Rb8 Bc7 35. Rc8 Bb6 36. Rb8 Bc7 37. Rc8 Bb6 38. Rxe8+ Kxe8 39. Rd6 Bd8
40. Rxe6+ Kd7 41. Ra6 Rxa6 42. bxa6 Kc6 43. f4 Kb6 44. Kf3 h5 45. h4 1-0

[Event "FRA-chT2 0910"]
[Site "France"]
[Date "2009.10.04"]
[Round "1.3"]
[White "Rode, Anthony"]
[Black "Giroux, Fabrice"]
[Result "1/2-1/2"]
[WhiteElo "2075"]
[BlackElo "2162"]
[PlyCount "64"]
[EventDate "2009.09.27"]
[EventType "team"]
[EventRounds "11"]
[EventCountry "FRA"]
[Source "ChessBase"]
[SourceDate "2010.03.11"]

1. d4 Nc6 2. Nf3 d5 3. Bf4 Bg4 4. e3 e6 5. c4 Bb4+ 6. Nc3 Nf6 7. Bg5 h6 8. Bh4
g5 9. Bg3 Ne4 10. Qb3 a5 11. cxd5 a4 12. Qc2 a3 13. Rc1 axb2 14. Qxb2 exd5 15.
Bb5 Bxc3+ 16. Rxc3 Nxc3 17. Qxc3 Bd7 18. O-O O-O 19. Bd3 Qe7 20. Bb1 Ra3 21.
Qc2 f5 22. Ne5 Nxe5 23. Bxe5 Bb5 24. Rc1 Bc4 25. g4 Bb3 26. Qxc7 Qxc7 27. Rxc7
Rf7 28. Rc8+ Kh7 29. Rh8+ Kg6 30. Rg8+ Kh7 31. Rh8+ Kg6 32. Rg8+ Kh7 1/2-1/2

[Event "FRA-chT2 0910"]
[Site "France"]
[Date "2009.10.04"]
[Round "1.3"]
[White "Serafimov, Tervel"]
[Black "Debray, Francois"]
[Result "1-0"]
[WhiteElo "2410"]
[BlackElo "2157"]
[PlyCount "80"]
[EventDate "2009.09.27"]
[EventType "team"]
[EventRounds "11"]
[EventCountry "FRA"]
[Source "ChessBase"]
[SourceDate "2010.03.11"]

1. c4 Nf6 2. Nc3 g6 3. Nf3 Bg7 4. g3 O-O 5. Bg2 c5 6. d4 cxd4 7. Nxd4 Nc6 8.
O-O d6 9. Nc2 Nd7 10. Qd2 a5 11. b3 Nc5 12. Bb2 Bd7 13. Ne3 a4 14. Ncd5 a3 15.
Bxg7 Kxg7 16. Rad1 Ne6 17. Qc3+ Kg8 18. Ng4 f6 19. h3 Ne5 20. Nh2 Bc6 21. f4
Nf7 22. Ng4 Bxd5 23. Bxd5 Qb6+ 24. Kh2 Nc7 25. Bg2 Rac8 26. Ne3 Nd8 27. h4 Nc6
28. Nc2 Ra8 29. Bf3 Na6 30. Rd5 Nc7 31. Rd2 Na6 32. Kg2 Nab4 33. Ne3 Qc5 34. h5
Kg7 35. Nd5 Nxd5 36. Rxd5 Qb4 37. Qe3 Ra5 38. Rxa5 Qxa5 39. Qxe7+ Rf7 40. h6+
Kg8 1-0